LEADER 00936nam a2200241 4500 001 000000360259 003 CaOOAMICUS 005 20241015121731.0 008 241011s2018 it 000 u ita r 020 $a978-88-498-5649-1 040 $aSeMil$bita 100 1 $aCavaciuti, Santino.$0(OLS)http://semarc/name/6693 245 10$aLibertà e trascendenza /$cSantino Cavaciuti. 264 1$aSoveria Mannelli :$bRubbettino,$c2018. 300 $a190 p. ;$c21 cm 650 4$aSacro.$0(OLS)http://semarc/subject/8612 850 $aSeMil 852 $aSeMil$W1$xVenegono$y1$m2P VII 512$j251713$B251287$CSeMilBibl$Z2$F251287 $81 961 $aBuzzi mons. Franco - Omaggio 996 $6020$a978-88-498-5649-1$9(OLS)http://semarc/number/301499 996 $6245$aLibertà e trascendenza$9(OLS)http://semarc/title/450734 996 $6264$aSoveria Mannelli :$bRubbettino$9(OLS)http://semarc/publisher/32145 LEADER 00565nab a2200145 i 4500 001 000000285798 003 CaOOAMICUS 005 20150331000000.0 008 150331n xx uu u0 0und r 013 $a39350 040 $aSeMil$bita 245 13$aLa potenza discreta del Risorto. - 16 p. - Titolo principale dalla prima pagina. 500 $a29 marzo 2015. 773 0 $t[2015 : Gennaio-Giugno].$dBologna : Centro Editoriale Dehoniano, 2015.$w()237789 996 $6245$aLa potenza discreta del Risorto. - 16 p. - Titolo principale dalla prima pagina.$9(OLS)http://semarc/title/366363